000 00658nam a2200241Ia 4500
003 OSt
005 20220923224728.0
006 a|||||r|||| 00| 0
007 ta
008 220922b |||||||| |||| 00| 0 hin d
024 _a249,270
037 _cTextual
040 _aARTS
_cARTS
_bhin
041 _2hin
_ahin
082 _aO152,1:g, J4
245 0 _aबीजक
246 _aBījaka
260 _aइलाहाबाद
_b रामनारायण लाल
_c1954
300 _a355पृ.
_ccm.
650 _aहिन्दी साहित्य
_9156264
942 _hO152,1:g, J4
_cTEXL
_2CC
999 _c373240
_d373240